| 000 | 00000nam##2200000za#4500 |
| 001 | 9.684876 |
| 003 | CaOODSP |
| 005 | 20210615134502 |
| 007 | ta |
| 008 | 150407|2010||||xxc||||| f|0| 0 fre|d |
| 020 | |a978-1-100-93700-7 |
| 040 | |aCaOODSP|bfre |
| 043 | |an-cn--- |
| 086 | 1 |aEn56-228/2010F |
| 110 | 1 |aCanada. |bEnvironnement Canada. |
| 245 | 10|aRadiométéo : |bdes avertissements météo au bon moment, des renseignements météo en tout temps |
| 260 | |bEnvironnement Canada |c[2010]. |
| 300 | |a[4]p. : |bcarte en couleur ; |c28 cm. |
| 563 | |aDépliant |
| 590 | |a10-08|b2010-02-26 |
| 691 | 07|aAlerte météorologique|2gcpds |
| 775 | 08|tWeatheradio : |w(CaOODSP)9.651881 |
| 776 | 0#|tRadiométéo : |w(CaOODSP)9.637300 |